| 000 | 00652cam a22002175a 4500 | ||
|---|---|---|---|
| 001 | 12728130 | ||
| 005 | 20180327104726.0 | ||
| 008 | 020402t2003 maua frb 001 0 eng d | ||
| 020 | _a0201914654 | ||
| 020 | _a9780201914658 | ||
| 040 |
_aDLC _cDLC _dDLC _dEG-ScBUE _beng |
||
| 082 | 0 | 4 |
_a005.1 _222 _bWAR |
| 100 | 1 | _aWarren, Henry S. | |
| 245 | 1 | 0 |
_aHacker's delight / _cHenry S. Warren, Jr. |
| 260 |
_aBoston : _bAddison-Wesley, _cc.2003. |
||
| 300 |
_axiv, 306 p. : _bill. ; _c24 cm. |
||
| 504 | _aIncludes bibliographical references and index. | ||
| 650 | 7 |
_aComputer programming. _2BUEsh _93821 |
|
| 653 |
_bGGEN _bCOMSCI _cMarch2018 |
||
| 942 | _2ddc | ||
| 999 |
_c26421 _d26393 |
||